Sports Quiz

Random Sports or Baseball Quiz

Names of MLB Rivalries Quiz Stats

 Plays Quiz not verified by Sporcle

Challenge
Share
Tweet
Embed
Score 0/14 Timer 06:00
0 Plays Today
Name of Rivalry Teams % Correct
Subway SeriesNew York Yankees-New York Mets
84.3%
Lone Star ShootoutTexas Rangers-Houston Astros
55.1%
Buckeye Series/Battle of OhioCincinnati Reds-Cleveland Indians
44.1%
Freeway SeriesLos Angeles Dodgers-Los Angeles Angels
42.5%
Bay Bridge Series/Earthquake SeriesSan Francisco Giants-Oakland Athletics
40.9%
Boston-Philly ShowdownBoston Red Sox -Philadelphia Phillies
37%
Show-Me Series/I-70 SeriesSt Louis Cardinals-Kansas City Royals
33.9%
Name of Rivalry Teams % Correct
Crosstown Classic/Crosstown Series/Red Line SeriesChicago Cubs-Chicago White Sox
33.9%
Citrus SeriesFlorida Marlins-Tampa Bay Rays
26.8%
Beltway BattleBaltimore Orioles-Washington Nationals
23.6%
Boston ShowdownBoston Red Sox-Atlanta Braves
18.9%
Border BattleMinnesota Twins-Milwaukee Brewers
16.5%
Peoria Sports Complex RivalrySan Diego Padres-Seattle Mariners
11%
Gillick ShowdownPhiladelphia Phillies-Toronto Blue Jays
10.2%

You're not logged in!

Compare scores with friends on all Sporcle quizzes.
OR
Log In

You Might Also Like...

Show Comments

Extras

Top Quizzes Today


Score Distribution

Your Account Isn't Verified!

In order to create a playlist on Sporcle, you need to verify the email address you used during registration. Go to your Sporcle Settings to finish the process.

Report this User

Report this user for behavior that violates our Community Guidelines.

Details: